|
|
|
|
| LEADER |
00000cam a2200000 a 4500 |
| 005 |
2012070401011.0 |
| 007 |
cr|||| |||| |
| 008 |
841126s1983 sp b 000 0 spa |
| 020 |
|
|
|a 8486008115
|
| 035 |
|
|
|a 6419
|
| 040 |
|
|
|a DLC
|c DLC
|d DLC
|d vLex
|
| 050 |
0 |
0 |
|a JC571
|b .A79 1983
|
| 082 |
0 |
0 |
|a 323.4/01
|2 19
|
| 090 |
|
|
|c 3261
|d 3261
|
| 100 |
1 |
|
|a Atienza, Manuel.
|
| 245 |
1 |
0 |
|a Marx y los derechos humanos
|h [Recurso electrn̤ico] /
|c Manuel Atienza.
|
| 250 |
|
|
|a 1a ed.
|
| 256 |
|
|
|a Servicio en ln̕ea
|
| 260 |
|
|
|a Madrid :
|b Mezquita :
|b Distribuye, Alhambra,
|c 1983.
|
| 300 |
|
|
|a 1 recurso electrn̤ico
|
| 490 |
1 |
|
|a Serie polt̕ica
|
| 504 |
|
|
|a Incluye referencias bibliogrf̀icas
|
| 506 |
1 |
|
|a Contenido solo disponible en los productos indicados
|d vLex Global
|d vLex Global (Academic Edition, excluding Law Schools)
|d vLex Global (U.S. Academic Edition, Law Schools)
|d vLex Global (U.S. Academic Edition, excluding Law Schools)
|d vLex Global (Academic Edition, Law Schools)
|
| 650 |
|
0 |
|a Derechos civiles
|z Per︢
|
| 650 |
|
0 |
|a Derechos humanos
|z Per︢
|
| 650 |
|
0 |
|a Comunismo
|z Per︢
|
| 740 |
0 |
|
|a vLex Libros (Servicio en ln̕ea)
|
| 830 |
|
0 |
|a Serie política (Editorial Mezquita)
|
| 856 |
4 |
0 |
|u http://vlex.com/source/marx-derechos-humanos-6419
|z Acceso restringido
|
| 942 |
|
|
|c BOOK
|
| 999 |
0 |
|
|a Civil rights
|
| 999 |
0 |
|
|a Human rights
|
| 999 |
0 |
|
|a Communism
|